000 00458nam a2200193 a 4500
005 20140310183236.0
008 040712s19uu xx 00 eng d
050 _aQA 276
_b.N277 1989
100 _aNTTC
245 _aTest result interpretation :
_bFD10 /
_cNTTC.
260 _cc1989.
300 _a54 p. :
_c22 cm.
650 _aStatistics.
942 _cBK
_2lcc
_kLOC
999 _c20552
_d20552